Spacehounds of IPC (Record no. 1927)

000 -LEADER
fixed length control field 00584nam a22001937a 4500
005 - DATE AND TIME OF LATEST TRANSACTION
control field 20210419074100.0
008 - FIXED-LENGTH DATA ELEMENTS--GENERAL INFORMATION
fixed length control field 210227s1972 ||||| |||| 00| 0 eng d
040 ## - CATALOGING SOURCE
Original cataloging agency eng
Transcribing agency DLC
041 ## - LANGUAGE CODE
Language code of text/sound track or separate title eng
080 ## - UNIVERSAL DECIMAL CLASSIFICATION NUMBER
Universal Decimal Classification number 821.111
Item number S-68
100 ## - MAIN ENTRY--PERSONAL NAME
9 (RLIN) 497
Personal name Smith, E. E. Doc
245 ## - TITLE STATEMENT
Title Spacehounds of IPC
Remainder of title : A Tale of the Inter-Planetary Corporation
Statement of responsibility, etc. / by: A Pyramid Book
260 ## - PUBLICATION, DISTRIBUTION, ETC.
Place of publication, distribution, etc. New York
Name of publisher, distributor, etc. A Pyramid Book
Date of publication, distribution, etc. 1972
300 ## - PHYSICAL DESCRIPTION
Extent 220 p.
365 ## - TRADE PRICE
Price amount 1.05 usd
650 #0 - SUBJECT ADDED ENTRY--TOPICAL TERM
9 (RLIN) 254
Topical term or geographic name entry element English literature
653 ## - INDEX TERM--UNCONTROLLED
Uncontrolled term ინგლისური ლიტერატურა
942 ## - ADDED ENTRY ELEMENTS (KOHA)
Source of classification or shelving scheme
Koha item type Books
Holdings
Withdrawn status Lost status Source of classification or shelving scheme Damaged status Not for loan Permanent location Current location Date acquired Inventory number Total Checkouts Full call number Barcode Date last seen Price effective from Koha item type
          Ken Walker International University Ken Walker International University 03/04/2021 1955   821.111 S-68 1955 03/04/2021 03/04/2021 Books

Powered by Koha